| 000 | 00415nam a22001457a 4500 | ||
|---|---|---|---|
| 003 | NUST-PNEC | ||
| 005 | 20170114142547.0 | ||
| 008 | 140717b xxu||||| |||| 00| 0 eng d | ||
| 040 | _cPNEC | ||
| 100 |
_9212 _aVirtual University of Pakistan |
||
| 245 |
_aEnterpreneurship (MGT 602) - Lecture Notes (VU) _cVirtual University of Pakistan |
||
| 260 | _bVirtual University of Pakistan | ||
| 650 | _xMIS | ||
| 942 |
_2ddc _cBK |
||
| 999 |
_c60222 _d60222 |
||